| 000 -CABECERA |
| fixed length control field |
00695nam a22002177a 4500 |
| 003 - IDENTIFICADOR DEL NÚMERO DE CONTROL |
| control field |
AR-CdUCM |
| 008 - DATOS DE LONGITUD FIJA--INFORMACIÓN GENERAL |
| fixed length control field |
190228b ||||| |||| 00| 0 spa d |
| 040 ## - FUENTE DE LA CATALOGACIÓN |
| Agencia/entidad que catalogó originalmente la obra |
MUNICIPALIDAD PROVINCIAL DEL CUSCO |
| Entidad que transcribió la catalogación |
BIBLIOTECA MUNICIPAL DEL CUSCO |
| 082 ## - NÚMERO DE LA CLASIFICACIÓN DECIMAL DEWEY |
| No. de Clasificación |
869.56 / |
| Notacion interna |
H51 |
| 100 ## - ENTRADA PRINCIPAL--NOMBRE DE PERSONA |
| Nombre Personal |
Hidalgo, Alberto |
| 245 ## - MENCIÓN DE TÍTULO |
| Título |
Biografia de Yomismo / |
| Mención de responsabilidad |
Hidalgo, Alberto |
| 260 ## - PUBLICACIÓN, DISTRIBUCIÓN, ETC. |
| Lugar de publicación, distribución, etc. |
LIma : |
| Nombre de la editorial, distribuidor, etc. |
Juan Mejia Baca, |
| Fecha de publicación, distribución, etc. |
1961. |
| 300 ## - DESCRIPCIÓN FÍSICA |
| Nº de Páginas Extensión |
56 paginas ; |
| Dimensiones |
24cm. |
| 505 ## - NOTA DE CONTENIDO CON FORMATO |
| Nota de contenido formateada |
Garcilaso -- Túpac Amaru -- Mariátegui -- Yomismo. |
| 650 ## - PUNTO DE ACCESO ADICIONAL DE MATERIA--TÉRMINO DE MATERIA |
| Descriptor |
Poesias Peruanas |
| 9 (RLIN) |
2190 |
| 650 ## - PUNTO DE ACCESO ADICIONAL DE MATERIA--TÉRMINO DE MATERIA |
| Descriptor |
Siglo XX |
| 9 (RLIN) |
8 |
| 700 ## - PUNTO DE ACCESO ADICIONAL--NOMBRE DE PERSONA |
| Nombre Personal |
Hidalgo, Alberto |
| 9 (RLIN) |
5809 |
| 700 ## - PUNTO DE ACCESO ADICIONAL--NOMBRE DE PERSONA |
| Nombre Personal |
Mejia Baca, Juan |
| 9 (RLIN) |
6753 |
| 942 ## - ELEMENTOS DE PUNTO DE ACCESO ADICIONAL (KOHA) |
| Fuente de clasificación |
|
| Tipo de item |
Libros-BMC |
| 945 ## - PROCESAMIENTO DE INFORMACIÓN LOCAL (OCLC) |
| Catalogador |
pjha |
| AAAA-MM-DD - Fecha de ingreso o modificacion |
2019-02-28 |